[Event "Chigorin Mem Blitz 2015"]
[Site "St Petersburg RUS"]
[Date "2015.10.02"]
[Round "12.2"]
[White "Popov, Valerij"]
[Black "Alekseev, Evgeny"]
[Result "1-0"]
[WhiteTitle "GM"]
[BlackTitle "GM"]
[WhiteElo "2525"]
[BlackElo "2642"]
[WhiteFideId "4119410"]
[BlackFideId "4138147"]
[EventDate "2015.10.02"]

1. d4 Nf6 2. Bf4 d5 3. e3 c5 4. Nc3 a6 5. dxc5 Qa5 6. Bxb8 Rxb8 7. Qd4 e6 8. b4
Qc7 9. Na4 Be7 10. Nf3 Ne4 11. Qb2 Bf6 12. Nd4 Bd7 13. Nb6 e5 14. Nxd5 Qd8 15.
Nf3 Bc6 16. Nxf6+ gxf6 17. Be2 Rg8 18. Rd1 Qc8 19. g3 Ng5 20. Nxg5 Bxh1 21. Bf3
Bxf3 22. Nxf3 Qf5 23. Nh4 Qe4 24. Qb3 Rg5 25. f3 Qc6 26. Rd6 Qc7 27. Qd5 Qc8 28.
Rxf6 Qc7 29. Nf5 Kf8 30. Qd6+ Qxd6 31. Nxd6 Rg7 32. Rf5 Ke7 33. Rxe5+ Kd7 34.
Rf5 Ke7 35. Rf4 Ke6 36. c4 b6 37. Re4+ Kd7 38. Nf5 Rg5 39. Rd4+ Kc7 40. cxb6+
Rxb6 41. c5 Re6 42. g4 h5 43. h3 hxg4 44. hxg4 Rg8 45. Kf2 Rh8 46. Kg3 Rh1 47.
a4 Rb1 48. e4 Re8 49. Nd6 Rf8 50. b5 axb5 51. axb5 f6 52. Kf4 Rc1 53. Rd5 Rc3
54. Nf5 Rh8 55. Nd4 Kc8 56. b6 1-0

[Event "Chigorin Mem Blitz 2015"]
[Site "St Petersburg RUS"]
[Date "2015.10.02"]
[Round "12.3"]
[White "Amonatov, Farrukh"]
[Black "Levin, Evgeny A."]
[Result "1-0"]
[WhiteTitle "GM"]
[BlackTitle "GM"]
[WhiteElo "2591"]
[BlackElo "2508"]
[WhiteFideId "14700077"]
[BlackFideId "4182596"]
[EventDate "2015.10.02"]

1. e4 Nf6 2. e5 Nd5 3. d4 d6 4. c4 Nb6 5. f4 dxe5 6. fxe5 Bf5 7. Be3 e6 8. Nc3
Nc6 9. Nf3 Be7 10. d5 exd5 11. cxd5 Nb4 12. Nd4 Bd7 13. e6 fxe6 14. dxe6 Bc6 15.
Qg4 O-O 16. O-O-O N6d5 17. Nf5 Rxf5 18. Qxf5 Qf8 19. Rxd5 Bxd5 20. Nxd5 Nxd5 21.
Qxd5 Rd8 22. Qe4 1-0

[Event "Chigorin Mem Blitz 2015"]
[Site "St Petersburg RUS"]
[Date "2015.10.02"]
[Round "12.4"]
[White "Belous, Vladimir"]
[Black "Timofeev, Artyom"]
[Result "1-0"]
[WhiteTitle "GM"]
[BlackTitle "GM"]
[WhiteElo "2566"]
[BlackElo "2539"]
[WhiteFideId "4174003"]
[BlackFideId "4140419"]
[EventDate "2015.10.02"]

1. d4 Nf6 2. c4 g6 3. Nc3 d5 4. Nf3 Bg7 5. Bf4 O-O 6. e3 c5 7. dxc5 Qa5 8. Rc1
dxc4 9. Bxc4 Qxc5 10. Bb3 Qa5 11. O-O Nc6 12. h3 Bf5 13. Qe2 Ne4 14. Nd5 e5 15.
Rxc6 bxc6 16. Ne7+ Kh8 17. Nxc6 Qb6 18. Ncxe5 Be6 19. Bxe6 Qxe6 20. Qc2 Nf6 21.
Ng5 Qxa2 22. Qc7 Nd5 23. Nexf7+ Kg8 24. Nh6+ Kh8 25. Ngf7+ Rxf7 26. Qxf7 Rf8 27.
Qg8+ 1-0

[Event "Chigorin Mem Blitz 2015"]
[Site "St Petersburg RUS"]
[Date "2015.10.02"]
[Round "12.5"]
[White "Goganov, Aleksey"]
[Black "Matsenko, Sergei"]
[Result "1/2-1/2"]
[WhiteTitle "GM"]
[BlackTitle "IM"]
[WhiteElo "2603"]
[BlackElo "2531"]
[WhiteFideId "24109959"]
[BlackFideId "4170083"]
[EventDate "2015.10.02"]

1. e4 e6 2. d4 d5 3. Nc3 Bb4 4. e5 Ne7 5. a3 Bxc3+ 6. bxc3 b6 7. Qg4 Ng6 8. h4
h5 9. Qg3 Ba6 10. Bxa6 Nxa6 11. Nf3 Qd7 12. O-O O-O-O 13. a4 Kb7 14. Nd2 Qe7 15.
Nb3 Rdg8 16. Rb1 Kc8 17. Qd3 Nb8 18. g3 Qe8 19. c4 dxc4 20. Qxc4 f6 21. exf6
gxf6 22. Re1 e5 23. Kf1 Qd7 24. d5 Rd8 25. Rd1 Qh3+ 26. Ke2 e4 27. Be3 Ne5 28.
Qxe4 Rhe8 29. Kd2 f5 30. Qf4 Rxd5+ 31. Kc3 Rxd1 32. Rxd1 Qg4 33. Rd5 Nbc6 34.
Qxg4 Nxg4 35. Bf4 Nxf2 36. Rxf5 Ne4+ 37. Kb2 Rg8 38. Rxh5 Nxg3 39. Rg5 Rxg5 40.
Bxg5 Kd7 41. Nd2 Ke6 42. Bf4 Nf5 43. h5 Ne5 44. Ne4 c6 45. Ng5+ Kd5 46. Nh7 Ng4
47. Nf8 Ke4 48. Bg5 Kd5 49. Ng6 Ngh6 50. Nf4+ Ke4 51. Ne6 Kd5 52. Nd8 Ng4 53.
Nf7 Ke6 54. Nh8 Ngh6 55. Ng6 Ng4 56. Nf4+ Ke5 57. Nd3+ Kd5 58. Nb4+ Kd6 59. Bf4+
Kd7 60. Nd3 Ke6 61. Bb8 a6 62. Nb4 Nf6 63. Nxc6 Nxh5 64. Nb4 a5 65. Nd3 Kd7 66.
Be5 Nhg3 67. Bxg3 1/2-1/2

[Event "Chigorin Mem Blitz 2015"]
[Site "St Petersburg RUS"]
[Date "2015.10.02"]
[Round "12.6"]
[White "Rozum, Ivan"]
[Black "Demchenko, Anton"]
[Result "1-0"]
[WhiteTitle "GM"]
[BlackTitle "GM"]
[WhiteElo "2547"]
[BlackElo "2595"]
[WhiteFideId "24104272"]
[BlackFideId "4160258"]
[EventDate "2015.10.02"]

1. Nf3 Nf6 2. g3 g6 3. Bg2 Bg7 4. O-O O-O 5. d4 d6 6. b3 Nbd7 7. Bb2 e5 8. dxe5
Ng4 9. c4 dxe5 10. h3 Nh6 11. Nc3 f6 12. Qc2 Nf7 13. Rad1 c6 14. Rd2 Qe7 15.
Rfd1 Re8 16. Ne4 Nf8 17. c5 Bf5 18. Nh4 Bxe4 19. Bxe4 f5 20. Bg2 e4 21. Bxg7
Kxg7 22. b4 Qf6 23. f4 a5 24. a3 axb4 25. axb4 Ra3 26. Kh2 Rea8 27. Rd4 R8a4 28.
Qd2 Rb3 29. e3 Raa3 30. Re1 Rd3 31. Rxd3 Rxd3 32. Qc2 Qc3 33. Qxc3+ Rxc3 34. g4
Kf6 35. Bf1 Ne6 36. Kg1 Rb3 37. b5 cxb5 38. Rc1 Nfd8 39. Kf2 Rb2+ 40. Be2 Nc6
41. Rd1 Nxc5 42. Kf1 Ke6 43. gxf5+ gxf5 44. Nxf5 Kxf5 45. Rd5+ Kf6 46. Rxc5 b4
47. Rb5 b3 48. Bc4 Rb1+ 49. Kf2 b2 1-0

[Event "Chigorin Mem Blitz 2015"]
[Site "St Petersburg RUS"]
[Date "2015.10.02"]
[Round "12.7"]
[White "Volodin, Aleksandr"]
[Black "Andriasian, Zaven"]
[Result "0-1"]
[WhiteTitle "GM"]
[BlackTitle "GM"]
[WhiteElo "2491"]
[BlackElo "2591"]
[WhiteFideId "4501950"]
[BlackFideId "13302000"]
[EventDate "2015.10.02"]

1. d4 Nf6 2. Bg5 Ne4 3. Bh4 d5 4. f3 g5 5. fxe4 gxh4 6. exd5 Qxd5 7. Nc3 Qa5 8.
Nf3 h3 9. Qd2 hxg2 10. Bxg2 Rg8 11. Rg1 Nd7 12. O-O-O e6 13. Ne5 Bb4 14. Qf4 Rf8
15. Ne4 Qxa2 16. c3 Be7 17. Bf3 Nxe5 18. dxe5 Bd7 19. Nf6+ Bxf6 20. Rxd7 Kxd7
21. Rd1+ Kc8 22. Qxf6 Qa1+ 23. Kc2 Qa4+ 24. Kc1 a5 25. Rd4 Qb5 26. Qe7 Rg8 27.
Qxf7 Qe8 28. Qxh7 Kb8 29. Qe4 c6 30. Rd6 Qe7 31. Qc4 Rd8 32. Qd4 Kc7 33. Rxd8
Rxd8 34. Qa4 Qg5+ 35. Kb1 Qxe5 36. h4 Qf5+ 37. Ka2 Rd2 38. h5 Rd8 39. Qa3 Rd7
40. Qa4 Qc5 41. Qf4+ e5 42. Qe4 Qd5+ 43. Qxd5 cxd5 44. Kb3 e4 45. Bg4 Rh7 46. c4
d4 47. c5 Kc6 48. Kc4 d3 49. exd3 exd3 50. Bf3+ Kc7 51. Kxd3 b6 52. cxb6+ Kxb6
53. Ke4 Kc5 54. Ke5 Rh6 55. Bd1 Rd6 56. Bf3 Rd2 57. b3 Rd3 58. Be4 Rxb3 59. Kf6
a4 60. Bf5 a3 61. Be6 Rb6 62. h6 a2 63. Kf7 a1=Q 0-1

[Event "Chigorin Mem Blitz 2015"]
[Site "St Petersburg RUS"]
[Date "2015.10.02"]
[Round "12.8"]
[White "Bok, Benjamin"]
[Black "Iljin, Timofey"]
[Result "1-0"]
[WhiteTitle "GM"]
[BlackTitle "IM"]
[WhiteElo "2591"]
[BlackElo "2266"]
[WhiteFideId "1017063"]
[BlackFideId "14110180"]
[EventDate "2015.10.02"]

1. e4 c5 2. Nf3 Nc6 3. Bb5 e6 4. O-O Nge7 5. d4 cxd4 6. Nxd4 Ng6 7. Be3 Be7 8.
Nc3 O-O 9. f4 e5 10. fxe5 Ncxe5 11. Nf5 d6 12. Nxe7+ Qxe7 13. Nd5 Qd8 14. Qd2
Bd7 15. Bxd7 Qxd7 16. Rad1 Nc4 17. Qd4 Nxe3 18. Nxe3 Qe6 19. Nf5 f6 20. Nxd6
Qxa2 21. b3 Ne5 22. Rd2 Qa5 23. Nxb7 Qc7 24. Nd6 Rad8 25. c4 Kh8 26. c5 Rb8 27.
Rb1 Nc6 28. Qc3 Nb4 29. Kh1 a5 30. Rc1 Qc6 31. Qc4 h6 32. Rcd1 Qc7 33. h3 Nc6
34. Qd5 Ne5 35. Nc4 Rxb3 36. Nxe5 Rbb8 37. Ng6+ Kh7 38. Nxf8+ Rxf8 39. c6 Re8
40. Qf5+ Kg8 41. Qd7 Qe5 42. Qd5+ Kh7 43. Qxe5 fxe5 44. c7 Rc8 45. Rc2 a4 46.
Rd8 Rxc7 47. Rxc7 a3 48. Ra8 a2 49. Rxa2 Kg6 50. Ra6+ Kh5 51. Rxg7 Kh4 52. Rxh6# 1-0

[Event "Chigorin Mem Blitz 2015"]
[Site "St Petersburg RUS"]
[Date "2015.10.02"]
[Round "12.9"]
[White "Novik, Maxim"]
[Black "Turov, Maxim"]
[Result "1/2-1/2"]
[WhiteTitle "GM"]
[BlackTitle "GM"]
[WhiteElo "2484"]
[BlackElo "2609"]
[WhiteFideId "4102924"]
[BlackFideId "4120086"]
[EventDate "2015.10.02"]

1. Nf3 Nf6 2. g3 b5 3. Na3 a6 4. c4 e6 5. b3 Bb7 6. Bg2 c6 7. O-O d5 8. d3 Nbd7
9. Bb2 Be7 10. Nc2 O-O 11. Qd2 Qb8 12. Rab1 Rd8 13. Bc3 Nc5 14. Qe3 Ng4 15. Qc1
a5 16. Qb2 Nf6 17. Be5 Qa7 18. Ncd4 dxc4 19. bxc4 b4 20. a3 Na4 21. Qc2 Nc3 22.
Ra1 Qb6 23. axb4 axb4 24. Nb3 Na4 25. Rfb1 Nd7 26. Bd4 c5 27. Bb2 Nxb2 28. Rxa8
Rxa8 29. Qxb2 Bf6 30. Qc2 Bxf3 31. Bxf3 Ra3 32. Kg2 Qa7 33. d4 g6 34. d5 Ra2 35.
Qe4 1/2-1/2

[Event "Chigorin Mem Blitz 2015"]
[Site "St Petersburg RUS"]
[Date "2015.10.02"]
[Round "12.10"]
[White "Chigaev, Maksim"]
[Black "Ushenina, Anna"]
[Result "1-0"]
[WhiteTitle "IM"]
[BlackTitle "GM"]
[WhiteElo "2521"]
[BlackElo "2426"]
[WhiteFideId "4108116"]
[BlackFideId "14110911"]
[EventDate "2015.10.02"]

1. e4 c5 2. b3 g6 3. Bb2 Nf6 4. Qf3 d6 5. Bb5+ Nbd7 6. Bxf6 exf6 7. Qd3 a6 8.
Bxd7+ Bxd7 9. Nc3 Be6 10. Nge2 Bg7 11. O-O O-O 12. Nf4 Kh8 13. Rae1 Rc8 14. Ncd5
Re8 15. a4 f5 16. Nxe6 fxe6 17. Nf4 Be5 18. Nh3 Qh4 19. c3 Rcd8 20. f4 Bf6 21.
Qf3 Qg4 22. Qd3 Qh5 23. Nf2 e5 24. exf5 gxf5 25. Qd5 Rd7 26. g3 Qg6 27. fxe5
Rxe5 28. Rxe5 Bxe5 29. Kg2 f4 30. Nd3 Qg7 31. Nxf4 b5 32. axb5 axb5 33. Ne6 Qg4
34. Rf8+ 1-0

[Event "Chigorin Mem Blitz 2015"]
[Site "St Petersburg RUS"]
[Date "2015.10.02"]
[Round "12.11"]
[White "Gubajdullin, Alexei"]
[Black "Eliseev, Urii"]
[Result "0-1"]
[WhiteTitle "FM"]
[BlackTitle "GM"]
[WhiteElo "2359"]
[BlackElo "2536"]
[WhiteFideId "4141202"]
[BlackFideId "24131920"]
[EventDate "2015.10.02"]

1. Nf3 Nf6 2. e3 g6 3. b4 Bg7 4. Bb2 d5 5. c4 O-O 6. cxd5 Nxd5 7. Bxg7 Kxg7 8.
Qb3 Nb6 9. Be2 Be6 10. Qb2+ Kg8 11. d3 Qd6 12. Nc3 a5 13. b5 Nd5 14. Nxd5 Bxd5
15. O-O Nd7 16. Rfc1 Rfc8 17. e4 Be6 18. d4 Nb6 19. Ng5 Bd7 20. e5 Qb4 21. Qc2
Qxd4 22. Bf3 Bf5 23. Qe2 Qf4 24. h4 Qxh4 25. Nxf7 Kxf7 26. Bxb7 Rab8 27. Bxc8
Rxc8 28. Rc6 Nd5 29. e6+ Kf8 30. Qd2 Qf6 31. Rd1 Nb4 32. Rc5 Qxe6 33. Qh6+ Kg8
34. Rxc7 Rf8 35. b6 Nd5 36. Rc5 Nxb6 37. Rxa5 Nc4 38. Ra7 Qe2 39. Rf1 Bd3 40.
Rc1 0-1

[Event "Chigorin Mem Blitz 2015"]
[Site "St Petersburg RUS"]
[Date "2015.10.02"]
[Round "12.12"]
[White "Zubritskiy, Artyom"]
[Black "Arslanov, Shamil"]
[Result "1-0"]
[WhiteTitle "FM"]
[BlackTitle "IM"]
[WhiteElo "2422"]
[BlackElo "2416"]
[WhiteFideId "4181247"]
[BlackFideId "4192826"]
[EventDate "2015.10.02"]

1. d4 c5 2. d5 d6 3. e4 Nf6 4. Nc3 g6 5. Nf3 Bg7 6. Be2 O-O 7. O-O Bg4 8. Nd2
Bxe2 9. Qxe2 Nbd7 10. Nc4 Nb6 11. Ne3 Re8 12. a4 e6 13. a5 exd5 14. axb6 d4 15.
Ncd5 dxe3 16. Nc7 exf2+ 17. Qxf2 a6 18. Bg5 Re5 19. Bxf6 Bxf6 20. Qxf6 Qxf6 21.
Rxf6 Rc8 22. Rxd6 Rxe4 23. Rad1 Kg7 24. Rd8 Rxd8 25. Rxd8 Rb4 26. Na8 Rxb2 27.
Rd7 c4 28. Rxb7 c3 29. Kf2 Rxc2+ 30. Ke3 Rd2 31. Rc7 Rd8 32. b7 Rb8 33. Nb6 c2
34. Kd2 Rd8+ 35. Kxc2 1-0

[Event "Chigorin Mem Blitz 2015"]
[Site "St Petersburg RUS"]
[Date "2015.10.02"]
[Round "13.3"]
[White "Goganov, Aleksey"]
[Black "Amonatov, Farrukh"]
[Result "0-1"]
[WhiteTitle "GM"]
[BlackTitle "GM"]
[WhiteElo "2603"]
[BlackElo "2591"]
[WhiteFideId "24109959"]
[BlackFideId "14700077"]
[EventDate "2015.10.02"]

1. e4 c5 2. Nf3 d6 3. d4 cxd4 4. Nxd4 Nf6 5. Nc3 a6 6. h3 e5 7. Nde2 h5 8. g3
Nbd7 9. a4 b6 10. Bg2 Bb7 11. Nd5 Nxd5 12. exd5 g6 13. O-O Bg7 14. c4 O-O 15.
Be3 a5 16. Nc3 Nc5 17. Rb1 Ba6 18. b4 axb4 19. Rxb4 f5 20. Ne2 h4 21. Qd2 hxg3
22. fxg3 Qc7 23. Nc3 e4 24. Nb5 Bxb5 25. cxb5 Nxa4 26. g4 Nc5 27. gxf5 gxf5 28.
Kh1 Nd3 29. Rbb1 Qc4 30. Rg1 Ra2 31. Qd1 f4 32. Qg4 fxe3 33. Qe6+ Kh8 34. Rbf1
Nf2+ 35. Kh2 Qd4 0-1

[Event "Chigorin Mem Blitz 2015"]
[Site "St Petersburg RUS"]
[Date "2015.10.02"]
[Round "13.4"]
[White "Turov, Maxim"]
[Black "Rozum, Ivan"]
[Result "1-0"]
[WhiteTitle "GM"]
[BlackTitle "GM"]
[WhiteElo "2609"]
[BlackElo "2547"]
[WhiteFideId "4120086"]
[BlackFideId "24104272"]
[EventDate "2015.10.02"]

1. d4 Nf6 2. c4 e6 3. Nc3 Bb4 4. Qc2 c5 5. dxc5 Bxc5 6. Nf3 Qb6 7. e3 Be7 8. g4
d6 9. g5 Nfd7 10. b3 h6 11. gxh6 Rxh6 12. Rg1 g6 13. e4 Rh8 14. Bb2 Nf6 15.
O-O-O Nbd7 16. Nb5 a6 17. Nxd6+ Bxd6 18. e5 Be7 19. exf6 Nxf6 20. Rxg6 fxg6 21.
Qxg6+ Kf8 22. Ng5 Rh7 23. Nxh7+ Nxh7 24. Bg7+ Kg8 25. Bh6+ 1-0

[Event "Chigorin Mem Blitz 2015"]
[Site "St Petersburg RUS"]
[Date "2015.10.02"]
[Round "13.5"]
[White "Alekseev, Evgeny"]
[Black "Chigaev, Maksim"]
[Result "1/2-1/2"]
[WhiteTitle "GM"]
[BlackTitle "IM"]
[WhiteElo "2642"]
[BlackElo "2521"]
[WhiteFideId "4138147"]
[BlackFideId "4108116"]
[EventDate "2015.10.02"]

1. e4 c6 2. d3 g6 3. Nf3 Bg7 4. Nbd2 d6 5. d4 Nf6 6. Bd3 O-O 7. O-O Nbd7 8. c3
e5 9. Re1 Qc7 10. b3 Re8 11. Bb2 b6 12. Qc2 Bb7 13. Bf1 a6 14. Rad1 b5 15. g3
Rad8 16. Bg2 c5 17. d5 Ng4 18. c4 b4 19. Nf1 Nf8 20. h3 Nh6 21. g4 f6 22. Ng3
Nf7 23. Bc1 1/2-1/2

[Event "Chigorin Mem Blitz 2015"]
[Site "St Petersburg RUS"]
[Date "2015.10.02"]
[Round "13.6"]
[White "Andriasian, Zaven"]
[Black "Eliseev, Urii"]
[Result "1-0"]
[WhiteTitle "GM"]
[BlackTitle "GM"]
[WhiteElo "2591"]
[BlackElo "2536"]
[WhiteFideId "13302000"]
[BlackFideId "24131920"]
[EventDate "2015.10.02"]

1. e4 c5 2. Nc3 Nc6 3. Nf3 d6 4. Bb5 Bd7 5. O-O Nf6 6. Re1 g6 7. Bxc6 Bxc6 8. d4
cxd4 9. Nxd4 Bg7 10. Bg5 O-O 11. Qd2 Re8 12. Rad1 Qa5 13. Nb3 Qc7 14. Nd5 Nxd5
15. exd5 Bb5 16. c3 Bc4 17. Nc1 a5 18. a3 a4 19. Bh6 Bh8 20. Ne2 Ra5 21. Nf4 Be5
22. h3 Bxf4 23. Qxf4 Bxd5 24. Qf6 1-0

[Event "Chigorin Mem Blitz 2015"]
[Site "St Petersburg RUS"]
[Date "2015.10.02"]
[Round "13.7"]
[White "Levin, Evgeny A."]
[Black "Bok, Benjamin"]
[Result "1/2-1/2"]
[WhiteTitle "GM"]
[BlackTitle "GM"]
[WhiteElo "2508"]
[BlackElo "2591"]
[WhiteFideId "4182596"]
[BlackFideId "1017063"]
[EventDate "2015.10.02"]

1. d4 Nf6 2. Nf3 g6 3. Bg5 Bg7 4. Nbd2 O-O 5. e3 d6 6. c3 Qe8 7. Be2 e5 8. dxe5
dxe5 9. e4 Nbd7 10. O-O h6 11. Bh4 Nc5 12. Qc2 Nh5 13. Rfd1 a5 14. Nc4 g5 15.
Bg3 f5 16. Bxe5 fxe4 17. Nd4 Bxe5 18. Nxe5 Qxe5 19. Bxh5 g4 20. Bg6 Kg7 21. b4
axb4 22. cxb4 Nd3 23. Bxe4 Nxf2 24. Qc3 Rf6 25. Bc2 Nxd1 26. Rxd1 Rxa2 27. Qd3
Rxc2 28. Nxc2 Bf5 29. Qd2 Bxc2 30. Qxc2 Qe3+ 31. Kh1 c6 32. Rd7+ Kf8 33. Rd8+
Ke7 34. Rd1 Re6 35. Qh7+ Ke8 36. Qg8+ Ke7 37. Qg7+ Ke8 38. Qg8+ Ke7 39. Qg7+ Ke8
40. Qg8+ Ke7 1/2-1/2

[Event "Chigorin Mem Blitz 2015"]
[Site "St Petersburg RUS"]
[Date "2015.10.02"]
[Round "13.8"]
[White "Timofeev, Artyom"]
[Black "Zubritskiy, Artyom"]
[Result "0-1"]
[WhiteTitle "GM"]
[BlackTitle "FM"]
[WhiteElo "2539"]
[BlackElo "2422"]
[WhiteFideId "4140419"]
[BlackFideId "4181247"]
[EventDate "2015.10.02"]

1. c4 c5 2. Nf3 Nf6 3. Nc3 e6 4. e4 d6 5. d4 cxd4 6. Nxd4 a6 7. g3 Qc7 8. Be3
Be7 9. Rc1 O-O 10. Bg2 Nbd7 11. O-O Re8 12. b3 Bf8 13. g4 g6 14. g5 Nh5 15. Bf3
Ng7 16. Bg2 Nh5 17. f4 b6 18. f5 Ne5 19. f6 Bb7 20. h3 Rad8 21. Nde2 Rc8 22. Qd4
Rb8 23. Rfd1 Bc6 24. Bf2 Qb7 25. b4 b5 26. cxb5 axb5 27. Qa7 Qxa7 28. Bxa7 Ra8
29. Bf2 Rec8 30. Nd4 Bd7 31. Ndxb5 Nf4 32. Bf1 h6 33. h4 hxg5 34. hxg5 Nf3+ 35.
Kh1 Nxg5 36. a4 Bc6 37. Be3 Nxe4 38. Nxe4 Bxe4+ 39. Kh2 Nd5 40. Bf2 Rxc1 41.
Rxc1 Rxa4 42. Rc8 Nxf6 43. Bh4 Nh7 44. Nxd6 Rxb4 45. Be7 Rb2+ 46. Kg3 Bd5 47.
Bd3 Rb3 48. Kf4 Rxd3 49. Ke5 Re3+ 50. Kd4 Rf3 51. Ke5 Kg7 52. Bxf8+ Nxf8 53.
Ne8+ Kh6 54. Nf6 Rf5+ 55. Kd6 Rxf6 0-1

[Event "Chigorin Mem Blitz 2015"]
[Site "St Petersburg RUS"]
[Date "2015.10.02"]
[Round "13.9"]
[White "Matsenko, Sergei"]
[Black "Golubov, Saveliy"]
[Result "0-1"]
[WhiteTitle "IM"]
[BlackTitle "IM"]
[WhiteElo "2531"]
[BlackElo "2453"]
[WhiteFideId "4170083"]
[BlackFideId "24176729"]
[EventDate "2015.10.02"]

1. Nf3 Nf6 2. c4 e6 3. Nc3 d5 4. d4 Be7 5. Bg5 h6 6. Bh4 O-O 7. e3 b6 8. cxd5
Nxd5 9. Bxe7 Qxe7 10. Nxd5 exd5 11. Be2 Be6 12. O-O c5 13. dxc5 bxc5 14. Rc1 Nd7
15. Qc2 Rfc8 16. Rfd1 Rab8 17. h3 Qf6 18. b3 Nb6 19. Qd2 Rc7 20. Rc3 Qe7 21.
Rdc1 a5 22. Qc2 Nd7 23. e4 Rb4 24. exd5 Bxd5 25. Re3 Re4 26. Rxe4 Bxe4 27. Qc3
a4 28. bxa4 Nf6 29. Qe5 Qxe5 30. Nxe5 Bd5 31. a3 g5 32. Bb5 Ne4 33. a5 c4 34. a6
c3 35. f3 Nd2 36. a7 Nb3 37. Rc2 Nd4 38. Bc4 Nxc2 39. Bxd5 Rxa7 0-1

[Event "Chigorin Mem Blitz 2015"]
[Site "St Petersburg RUS"]
[Date "2015.10.02"]
[Round "13.10"]
[White "Demchenko, Anton"]
[Black "Tukhaev, Adam"]
[Result "1-0"]
[WhiteTitle "GM"]
[BlackTitle "GM"]
[WhiteElo "2595"]
[BlackElo "2569"]
[WhiteFideId "4160258"]
[BlackFideId "14109476"]
[EventDate "2015.10.02"]

1. e4 c5 2. Nf3 e6 3. d4 cxd4 4. Nxd4 Nc6 5. Nc3 d6 6. Be3 Nf6 7. f3 Be7 8. Qd2
O-O 9. O-O-O d5 10. Be2 a6 11. Kb1 Bd7 12. exd5 Nxd5 13. Nxd5 exd5 14. Rhe1 Rc8
15. Bf1 Re8 16. Bf2 Na5 17. Nb3 Nxb3 18. axb3 Be6 19. Bd4 Qd7 20. Qf2 a5 21. Bd3
Bf5 22. Bxf5 Qxf5 23. Re5 Qd7 24. Bc3 a4 25. Rexd5 Qc6 26. bxa4 Qxa4 27. Qd4
Qxd4 28. Bxd4 Red8 29. Bc3 Kf8 30. Rxd8+ Bxd8 31. Rd7 Bc7 32. Bb4+ Kg8 33. h3 h5
34. b3 g5 35. c4 Kg7 36. Rd5 Kg6 37. Rc5 1-0

[Event "Chigorin Mem Blitz 2015"]
[Site "St Petersburg RUS"]
[Date "2015.10.02"]
[Round "13.11"]
[White "Lugovskoy, Maxim"]
[Black "Volodin, Aleksandr"]
[Result "0-1"]
[WhiteTitle "IM"]
[BlackTitle "GM"]
[WhiteElo "2470"]
[BlackElo "2491"]
[WhiteFideId "24126454"]
[BlackFideId "4501950"]
[EventDate "2015.10.02"]

1. e4 c5 2. Nf3 e6 3. c3 Nf6 4. e5 Nd5 5. d4 cxd4 6. cxd4 Nc6 7. Bc4 d6 8. O-O
Be7 9. Bd2 O-O 10. Nc3 dxe5 11. dxe5 Na5 12. Bd3 Nxc3 13. Bxc3 b6 14. Qc2 g6 15.
Rfd1 Qc7 16. Be4 Bb7 17. Rac1 Rad8 18. h4 Qb8 19. h5 Qa8 20. Re1 Bxe4 21. Rxe4
Qd5 22. Rg4 Qd3 23. Qxd3 Rxd3 24. Bxa5 bxa5 25. Rc7 Bd8 26. Rxa7 Rd1+ 27. Kh2
Bb6 28. Ra6 Bxf2 29. Rxa5 Rc8 30. a4 Rcc1 31. g3 Be3 32. Re4 Rc2+ 33. Kh3 gxh5
34. g4 Rh1+ 35. Kg3 h4+ 36. Nxh4 Bf2+ 37. Kg2 Rxh4 38. Ra8+ Kg7 39. a5 h5 40. b4
hxg4 41. a6 Be1+ 42. Kg1 Bf2+ 43. Kg2 Bb6+ 44. Kg3 Rh3+ 45. Kxg4 Ra3 46. b5 Rg2+
47. Kh4 Bf2+ 48. Kh5 Rh3+ 0-1

[Event "Chigorin Mem Blitz 2015"]
[Site "St Petersburg RUS"]
[Date "2015.10.02"]
[Round "13.12"]
[White "Maletin, Pavel"]
[Black "Kotlyar, Kirill"]
[Result "1-0"]
[WhiteTitle "GM"]
[BlackTitle "FM"]
[WhiteElo "2581"]
[BlackElo "2370"]
[WhiteFideId "4146786"]
[BlackFideId "24145599"]
[EventDate "2015.10.02"]

1. d4 Nf6 2. c4 g6 3. g3 c6 4. Nf3 Bg7 5. Bg2 d5 6. Qb3 dxc4 7. Qxc4 O-O 8. Nc3
Qa5 9. O-O Bf5 10. Bf4 Nbd7 11. Qb3 Qb6 12. Qa3 Rfe8 13. Rfe1 Nd5 14. Bd2 Nxc3
15. bxc3 e5 16. e4 Be6 17. Rab1 Qc7 18. Be3 h6 19. Nd2 Nb6 20. f4 exf4 21. Bxf4
Qd7 22. Qc1 Kh7 23. Kh1 Bxa2 24. Ra1 Be6 25. e5 Bd5 26. Ne4 Nc4 27. Qc2 b6 28.
Rf1 a5 29. h3 Qe7 30. Kh2 b5 31. h4 Kh8 32. Rf2 a4 33. h5 g5 34. Bxg5 Bxe4 35.
Qxe4 hxg5 36. h6 Bxh6 37. Rf6 Bg7 38. Rxc6 Rab8 39. Qf5 Nxe5 40. dxe5 Qxe5 41.
Qxf7 Re7 42. Qg6 Rf8 43. Rh1 Kg8 44. Rd6 Rf2 45. Rd8+ Rf8 46. Bd5+ Qxd5 47. Rxd5
Re2+ 48. Kh3 1-0